| 000 -LEADER |
| fixed length control field |
01221cam a22002418i 4500 |
| 003 - CONTROL NUMBER IDENTIFIER |
| control field |
OSt |
| 005 - DATE AND TIME OF LATEST TRANSACTION |
| control field |
20220302191350.0 |
| 008 - FIXED-LENGTH DATA ELEMENTS--GENERAL INFORMATION |
| fixed length control field |
170802s2017 ii b 001 0 eng |
| 010 ## - LIBRARY OF CONGRESS CONTROL NUMBER |
| LC control number |
2017034704 |
| 020 ## - INTERNATIONAL STANDARD BOOK NUMBER |
| International Standard Book Number |
9789386446121 (print (pb)) |
| 042 ## - AUTHENTICATION CODE |
| Authentication code |
pcc |
| 082 00 - DEWEY DECIMAL CLASSIFICATION NUMBER |
| Classification number |
510 |
| Edition number |
23 |
| Item number |
BAG |
| 100 1# - MAIN ENTRY--PERSONAL NAME |
| Personal name |
Bagai, Shobha, |
| Relator term |
author. |
| 245 12 - TITLE STATEMENT |
| Title |
A bridge to mathematics / |
| Statement of responsibility, etc |
Shobha Bagai, professor, Cluster Innovation Centre, University of Delhi, Amber Habib, Cluster Innovation Centre, University of Delhi, Geetha Venkataraman, professor, Department of Mathematics, Shiv Nadar University. |
| 263 ## - PROJECTED PUBLICATION DATE |
| Projected publication date |
1710 |
| 300 ## - PHYSICAL DESCRIPTION |
| Extent |
pages cm |
| 504 ## - BIBLIOGRAPHY, ETC. NOTE |
| Bibliography, etc |
Includes bibliographical references and index. |
| 520 ## - SUMMARY, ETC. |
| Summary, etc |
This book aims to help students of social sciences, liberal arts, and humanities to develop the ability to analyze and reason mathematically, to model situations and problems, and to be able to infer, present, and communicate their analysis effectively. Mathematical concepts are presented in both historical and everyday contexts to ease their utilization in the real world. -- |
| 650 #0 - SUBJECT ADDED ENTRY--TOPICAL TERM |
| Topical term or geographic name as entry element |
Mathematics |
| Form subdivision |
Textbooks. |
| 700 1# - ADDED ENTRY--PERSONAL NAME |
| Personal name |
Habib, Amber, |
| Relator term |
author. |
| 700 1# - ADDED ENTRY--PERSONAL NAME |
| Personal name |
Venkataraman, Geetha, |
| Relator term |
author. |
| 942 ## - ADDED ENTRY ELEMENTS (KOHA) |
| Source of classification or shelving scheme |
|